00514nam a2200157Ia 450000500170000000800410001708200190005810000130007724500220009026000350011230000120014750000810015994200060024095200950024699900150034120250306023238.0240331s9999 xx 000 0 und d bJEE22141a920 aJeeva, D 0aMallikai Mukangal aJaffnabMallikai Panthalc1996 a238 p., aA collection of 65 achievers who contributed to Sri Lankan Tamil literature. cL 001040708LaWERCLbWERCLcSSCd2024-03-31l0o 920 JEEp2141r2024-03-31w2024-03-31yL c4241d4241